[Event "FIDE WYCC 2016 U16 boys"]
[Site "Khanty Mansiysk"]
[Date "2016.09.25"]
[Round "4.22"]
[White "Riess, Alexander"]
[Black "Makhnyov, Denis"]
[Result "0-1"]
[WhiteElo "2227"]
[BlackElo "2375"]
[Annotator "Reinhold Goldau"]
[PlyCount "94"]
[EventDate "2016.09.??"]
[EventType "swiss"]
[EventRounds "11"]
[EventCountry "RUS"]
[SourceTitle "Youth Database"]
[Source "CBase R.Goldau"]
[SourceDate "2000.03.01"]

1. d4 Nf6 2. c4 e6 3. Nc3 Bb4 4. Qc2 c5 5. dxc5 Nc6 6. Nf3 O-O 7. Bf4 Qa5 8.
Nd2 Bxc5 9. Nb3 Nd4 10. Nxd4 Bxd4 11. Bd2 Qc5 12. e3 Be5 13. Bd3 h6 14. O-O-O
d5 15. cxd5 exd5 16. Nb5 Qb6 17. Bc3 Bxc3 18. Nxc3 Bg4 19. Rd2 Rfc8 20. Kb1 Qc5
21. Qa4 Bd7 22. Qf4 Qa5 23. Rhd1 Be6 24. Qd4 Rc6 25. Rc2 Rac8 26. Rdc1 a6 27.
a3 Ne8 28. Qb4 Qc7 29. h3 Nd6 30. Ne2 Nc4 31. Nd4 Rb6 32. Qc3 Qe7 33. Ka1 g6
34. Nxe6 Qxe6 35. Qd4 Rbc6 36. Be2 Na5 37. Rxc6 Nb3+ 38. Kb1 bxc6 39. Qa4 Nxc1
40. Kxc1 Qf6 41. Bf3 Rb8 42. Qd4 Qxd4 43. exd4 a5 44. Bd1 Kf8 45. Ba4 Ke7 46.
Kc2 Kd6 47. Kc3 f5 0-1

[Event "FIDE WYCC 2016 U16 boys"]
[Site "Khanty Mansiysk"]
[Date "2016.09.25"]
[Round "4.23"]
[White "Kalinouski, Siarhei"]
[Black "Carnicelli, Valerio"]
[Result "0-1"]
[WhiteElo "2169"]
[BlackElo "2329"]
[Annotator "Reinhold Goldau"]
[PlyCount "54"]
[EventDate "2016.09.??"]
[EventType "swiss"]
[EventRounds "11"]
[EventCountry "RUS"]
[SourceTitle "Youth Database"]
[Source "CBase R.Goldau"]
[SourceDate "2000.03.01"]

1. e4 e5 2. Nf3 Nc6 3. Bb5 f5 4. d3 fxe4 5. dxe4 Nf6 6. Qd3 Bc5 7. Qc4 Qe7 8.
Nc3 Nd4 9. Qd3 c6 10. Ba4 a5 11. Bb3 b5 12. a4 b4 13. Nxd4 exd4 14. Ne2 Nxe4
15. O-O d5 16. Nxd4 Ba6 17. Nxc6 Bxd3 18. Nxe7 Bxf1 19. Kxf1 Kxe7 20. Bxd5 Nxf2
21. Bxa8 Rxa8 22. Ke2 Ne4 23. Kf3 Nd6 24. Bg5+ Kd7 25. Rd1 Rf8+ 26. Kg3 Kc6 27.
Kh3 Ne4 0-1

[Event "FIDE WYCC 2016 U16 boys"]
[Site "Khanty Mansiysk"]
[Date "2016.09.25"]
[Round "4.24"]
[White "Poleg, Dan"]
[Black "Doluweera, Minul Sanjula"]
[Result "0-1"]
[WhiteElo "2321"]
[BlackElo "2127"]
[Annotator "Reinhold Goldau"]
[PlyCount "66"]
[EventDate "2016.09.??"]
[EventType "swiss"]
[EventRounds "11"]
[EventCountry "RUS"]
[SourceTitle "Youth Database"]
[Source "CBase R.Goldau"]
[SourceDate "2000.03.01"]

1. d4 d5 2. Nf3 Nf6 3. c4 e6 4. Nc3 Bb4 5. e3 c5 6. Bd2 O-O 7. a3 cxd4 8. Nxd4
Bd6 9. cxd5 exd5 10. Bb5 a6 11. Ba4 Bg4 12. Qb1 Nc6 13. Bxc6 bxc6 14. Nxc6 Qe8
15. Nd4 Ne4 16. Qc2 Rc8 17. O-O Nxc3 18. Bxc3 Qe5 19. g3 Qh5 20. f4 Bc5 21. Qd2
Bxd4 22. Qxd4 f6 23. Rac1 Bf3 24. Rf2 Be4 25. Qb6 Ra8 26. Bd4 Qg4 27. b4 h5 28.
Kf1 h4 29. gxh4 Rfc8 30. Bc5 d4 31. Ra1 Bd3+ 32. Ke1 Qg1+ 33. Kd2 Qxf2+ 0-1

[Event "FIDE WYCC 2016 U16 boys"]
[Site "Khanty Mansiysk"]
[Date "2016.09.25"]
[Round "4.25"]
[White "Roshka, Yevgeniy"]
[Black "German, Nikita"]
[Result "1-0"]
[WhiteElo "2275"]
[BlackElo "2106"]
[Annotator "Reinhold Goldau"]
[PlyCount "189"]
[EventDate "2016.09.??"]
[EventType "swiss"]
[EventRounds "11"]
[EventCountry "RUS"]
[SourceTitle "Youth Database"]
[Source "CBase R.Goldau"]
[SourceDate "2000.03.01"]

1. e4 c5 2. Nf3 e6 3. d3 Nc6 4. Nbd2 d6 5. g3 g6 6. Bg2 Bg7 7. O-O Nge7 8. Re1
O-O 9. Nf1 Rb8 10. a4 a6 11. c3 e5 12. Be3 h6 13. Qd2 Kh7 14. d4 cxd4 15. cxd4
exd4 16. Nxd4 Ne5 17. Rac1 Ng4 18. Red1 Nxe3 19. Nxe3 Re8 20. b3 Bd7 21. Ne2
Be6 22. Rb1 b5 23. Nf4 bxa4 24. Nxe6 fxe6 25. bxa4 Rxb1 26. Rxb1 Nc6 27. Nc4
Nd4 28. Rb7 Re7 29. Rxe7 Qxe7 30. Qb4 Qc7 31. Bf1 d5 32. exd5 exd5 33. Qb6 Qxb6
34. Nxb6 a5 35. Nxd5 Kg8 36. f4 Kf7 37. Bd3 Bf8 38. Kg2 Bd6 39. Ne3 Bb8 40. Nc4
Bc7 41. Kf2 Kf6 42. Ke3 Ne6 43. Bc2 g5 44. fxg5+ Nxg5 45. Bd1 Nf7 46. Kd4 Ne5
47. Nd2 Ke6 48. Kc5 Kf5 49. Kd5 Ng4 50. Bc2+ Kf6 51. Kc6 Bb8 52. Nf1 Ke5 53.
Kb6 Kd4 54. Bf5 Nxh2 55. Nxh2 Bxg3 56. Nf3+ Kc4 57. Kxa5 Bc7+ 58. Ka6 Kb4 59.
Bd7 h5 60. Ng5 h4 61. Nh3 Kc5 62. Kb7 Ba5 63. Kc8 Be1 64. Kd8 Kd6 65. Bg4 Bd2
66. Ke8 Bc3 67. Kf7 Ke5 68. Kg6 Be1 69. Kg5 Kd4 70. Bd7 Kc5 71. Kg4 Kb6 72. Ng5
Bf2 73. Nf3 Ka5 74. Nxh4 Bc5 75. Kf5 Bf2 76. Nf3 Bc5 77. Ke4 Bf2 78. Kd5 Be3
79. Kc4 Bf4 80. Nd4 Bg3 81. Bb5 Bh2 82. Nb3+ Kb6 83. a5+ Ka7 84. Kd5 Bg3 85.
Kc6 Be1 86. a6 Bf2 87. Nc5 Be3 88. Ne4 Bg1 89. Be2 Be3 90. Kb5 Bf4 91. Nf6 Bh2
92. Nd5 Bg1 93. Ne7 Bf2 94. Nc6+ Ka8 95. Bg4 1-0

[Event "FIDE WYCC 2016 U16 boys"]
[Site "Khanty Mansiysk"]
[Date "2016.09.25"]
[Round "4.26"]
[White "Lintner, Igor"]
[Black "Raghunandan, Kaumandur Srihari"]
[Result "0-1"]
[WhiteElo "2065"]
[BlackElo "2451"]
[Annotator "Reinhold Goldau"]
[PlyCount "80"]
[EventDate "2016.09.??"]
[EventType "swiss"]
[EventRounds "11"]
[EventCountry "RUS"]
[SourceTitle "Youth Database"]
[Source "CBase R.Goldau"]
[SourceDate "2000.03.01"]

1. e4 c5 2. Nf3 d6 3. d4 cxd4 4. Nxd4 Nf6 5. Nc3 a6 6. g3 e5 7. Nde2 b5 8. Bg2
Bb7 9. O-O Be7 10. Nd5 Nxd5 11. exd5 O-O 12. Be3 Nd7 13. Qd2 Nb6 14. b3 a5 15.
c3 Rc8 16. g4 Nd7 17. Ng3 Re8 18. g5 Qc7 19. Rac1 Qb8 20. Be4 g6 21. h4 f5 22.
gxf6 Nxf6 23. Bg5 Rc5 24. Bxf6 Bxf6 25. h5 Qd8 26. Qd1 Bg5 27. hxg6 Bxc1 28.
Qxc1 Qh4 29. Kg2 hxg6 30. Rh1 Qf4 31. Qd1 Rf8 32. Qe2 Rxd5 33. Bxd5+ Bxd5+ 34.
Kg1 Bxh1 35. Nxh1 b4 36. cxb4 axb4 37. Qd3 Qc1+ 38. Kg2 Qc6+ 39. f3 d5 40. Nf2
Qe6 0-1

[Event "FIDE WYCC 2016 U16 boys"]
[Site "Khanty Mansiysk"]
[Date "2016.09.25"]
[Round "4.27"]
[White "Bold, Khosbayar"]
[Black "Koziol, Kamil"]
[Result "0-1"]
[WhiteElo "1926"]
[BlackElo "2212"]
[Annotator "Reinhold Goldau"]
[PlyCount "98"]
[EventDate "2016.09.??"]
[EventType "swiss"]
[EventRounds "11"]
[EventCountry "RUS"]
[SourceTitle "Youth Database"]
[Source "CBase R.Goldau"]
[SourceDate "2000.03.01"]

1. e4 c5 2. Nf3 e6 3. d4 cxd4 4. Nxd4 Nc6 5. c4 Nf6 6. Nc3 Bb4 7. Nxc6 bxc6 8.
e5 Ne4 9. a3 Nxc3 10. Qb3 Qa5 11. Qxb4 Qxe5+ 12. Be3 Ne4 13. f4 Qc7 14. Bd3 c5
15. Qa4 Bb7 16. O-O Bc6 17. Qc2 f5 18. b4 d6 19. Rfb1 O-O 20. b5 Bb7 21. a4 a5
22. Ra3 Qb6 23. Rd1 Nf6 24. h3 Be4 25. Qf2 Rac8 26. Bxe4 Nxe4 27. Qh4 Nf6 28.
g4 Ne4 29. Kh2 Qb7 30. Rad3 g6 31. Rg1 d5 32. Rgd1 d4 33. Bxd4 cxd4 34. Rxd4
Nc5 35. Qg3 Qc7 36. g5 Rfd8 37. Qe3 Rxd4 38. Rxd4 Re8 39. Kg2 Kf7 40. Kh2 Re7
41. Qa3 Ne4 42. Qe3 e5 43. b6 exd4 44. bxc7 dxe3 45. c8=Q e2 46. Qh8 e1=Q 47.
Qxh7+ Ke6 48. Qxg6+ Kd7 49. Qxf5+ Kc7 0-1

[Event "FIDE WYCC 2016 U16 boys"]
[Site "Khanty Mansiysk"]
[Date "2016.09.25"]
[Round "4.28"]
[White "Turar, Dastan"]
[Black "Voinikonis, Nikita"]
[Result "1/2-1/2"]
[WhiteElo "2205"]
[BlackElo "2055"]
[Annotator "Reinhold Goldau"]
[PlyCount "50"]
[EventDate "2016.09.??"]
[EventType "swiss"]
[EventRounds "11"]
[EventCountry "RUS"]
[SourceTitle "Youth Database"]
[Source "CBase R.Goldau"]
[SourceDate "2000.03.01"]

1. d4 Nf6 2. Nf3 g6 3. c4 Bg7 4. Nc3 O-O 5. g3 c6 6. Bg2 d5 7. Ne5 dxc4 8. Nxc4
Be6 9. Qd3 Nd5 10. a3 c5 11. Ne3 cxd4 12. Ncxd5 dxe3 13. Bxe3 Bxb2 14. Rb1 Bf5
15. Be4 Bxe4 16. Qxe4 e6 17. Nf4 Bxa3 18. O-O Qc8 19. Rxb7 Qc6 20. Qb1 a6 21.
h4 e5 22. Rb6 Qc4 23. Nd3 Nd7 24. Rb7 Qe6 25. Qb3 Rfd8 1/2-1/2

[Event "FIDE WYCC 2016 U16 boys"]
[Site "Khanty Mansiysk"]
[Date "2016.09.25"]
[Round "4.29"]
[White "Donoso Diaz, Sebastian"]
[Black "Den Hartog, Marijn"]
[Result "0-1"]
[WhiteElo "2005"]
[BlackElo "2190"]
[Annotator "Reinhold Goldau"]
[PlyCount "41"]
[EventDate "2016.09.??"]
[EventType "swiss"]
[EventRounds "11"]
[EventCountry "RUS"]
[SourceTitle "Youth Database"]
[Source "CBase R.Goldau"]
[SourceDate "2000.03.01"]

1. e4 e6 2. d4 d5 3. Nc3 Bb4 4. e5 Qd7 5. Nf3 b6 6. g3 Ba6 7. Bh3 Bxc3+ 8. bxc3
h6 9. Nh4 Ne7 10. f4 g6 11. g4 Nbc6 12. f5 g5 13. Ng2 O-O-O 14. Ba3 Bb5 15. Ne3
f6 16. Bf1 Bxf1 17. Rxf1 fxe5 18. Bxe7 Qxe7 19. dxe5 exf5 20. Nxf5 Qf8 21. Qf3
0-1

[Event "FIDE WYCC 2016 U16 boys"]
[Site "Khanty Mansiysk"]
[Date "2016.09.25"]
[Round "4.30"]
[White "Anaskin, Arsenij"]
[Black "Garbowski, Jakub"]
[Result "1-0"]
[WhiteElo "2153"]
[BlackElo "2030"]
[Annotator "Reinhold Goldau"]
[PlyCount "87"]
[EventDate "2016.09.??"]
[EventType "swiss"]
[EventRounds "11"]
[EventCountry "RUS"]
[SourceTitle "Youth Database"]
[Source "CBase R.Goldau"]
[SourceDate "2000.03.01"]

1. e4 c5 2. Nf3 e6 3. d4 cxd4 4. Nxd4 Nf6 5. Nc3 d6 6. g3 Be7 7. Bg2 O-O 8. O-O
a6 9. a4 Nc6 10. h3 Qc7 11. Nde2 Rb8 12. g4 b5 13. axb5 axb5 14. g5 Nd7 15. f4
b4 16. Na4 Re8 17. h4 Nb6 18. b3 Nxa4 19. Rxa4 Qb6+ 20. Kh1 Ba6 21. Bf3 Bb5 22.
Ra1 d5 23. e5 Bc5 24. Kg2 Ne7 25. Rh1 Rbc8 26. Rh3 Nf5 27. h5 Ne3+ 28. Bxe3
Bxe3 29. g6 fxg6 30. hxg6 h6 31. f5 exf5 32. Ng3 Rxe5 33. Rh5 Qe6 34. Ra5 d4
35. Rxb5 Rxb5 36. Be2 Qc6+ 37. Kh3 Re5 38. Bd3 Rf8 39. Nxf5 Bg5 40. Bc4+ Re6
41. Nxd4 Qc5 42. Qe2 Rff6 43. Nxe6 Qf5+ 44. Kg2 1-0

[Event "FIDE WYCC 2016 U16 boys"]
[Site "Khanty Mansiysk"]
[Date "2016.09.25"]
[Round "4.31"]
[White "Thilakarathne, G M S."]
[Black "Zamar Kodelja, Jurij"]
[Result "1-0"]
[WhiteElo "1900"]
[BlackElo "2126"]
[Annotator "Reinhold Goldau"]
[PlyCount "53"]
[EventDate "2016.09.??"]
[EventType "swiss"]
[EventRounds "11"]
[EventCountry "RUS"]
[SourceTitle "Youth Database"]
[Source "CBase R.Goldau"]
[SourceDate "2000.03.01"]

1. e4 c5 2. Nf3 d6 3. d4 cxd4 4. Nxd4 Nf6 5. Nc3 g6 6. Be3 Bg7 7. f3 O-O 8. Bc4
Nc6 9. Qd2 Bd7 10. O-O-O Rc8 11. Bb3 Nxd4 12. Bxd4 b5 13. h4 a5 14. h5 a4 15.
Bxf6 exf6 16. Bd5 f5 17. hxg6 hxg6 18. g4 a3 19. Qh2 Re8 20. gxf5 axb2+ 21. Kb1
Rxc3 22. fxg6 Be6 23. gxf7+ Bxf7 24. Rdg1 Kf8 25. Rxg7 Rxf3 26. Rxf7+ Rxf7 27.
Bxf7 1-0

[Event "FIDE WYCC 2016 U16 boys"]
[Site "Khanty Mansiysk"]
[Date "2016.09.25"]
[Round "4.32"]
[White "Mohammad, Fahim"]
[Black "Khodashneli, Shota"]
[Result "1/2-1/2"]
[WhiteElo "2090"]
[BlackElo "1926"]
[Annotator "Reinhold Goldau"]
[PlyCount "49"]
[EventDate "2016.09.??"]
[EventType "swiss"]
[EventRounds "11"]
[EventCountry "RUS"]
[SourceTitle "Youth Database"]
[Source "CBase R.Goldau"]
[SourceDate "2000.03.01"]

1. c4 f5 2. d4 d6 3. Nc3 Nf6 4. Bg5 Nbd7 5. Qc2 g6 6. h4 h6 7. Bxf6 Nxf6 8. Nh3
e5 9. e3 Bg7 10. O-O-O Qe7 11. Bd3 e4 12. Be2 O-O 13. Rdg1 h5 14. Nf4 Kh7 15.
Ncd5 Nxd5 16. Nxd5 Qf7 17. f3 exf3 18. gxf3 Bh6 19. f4 Be6 20. Rh3 Bxd5 21.
cxd5 c5 22. dxc5 Rac8 23. Kb1 Rxc5 24. Qd1 Rfc8 25. Rhg3 1/2-1/2

[Event "FIDE WYCC 2016 U16 boys"]
[Site "Khanty Mansiysk"]
[Date "2016.09.25"]
[Round "4.33"]
[White "Marais, Daniel"]
[Black "Nurzhanov, Timur"]
[Result "0-1"]
[WhiteElo "1850"]
[BlackElo "2087"]
[Annotator "Reinhold Goldau"]
[PlyCount "68"]
[EventDate "2016.09.??"]
[EventType "swiss"]
[EventRounds "11"]
[EventCountry "RUS"]
[SourceTitle "Youth Database"]
[Source "CBase R.Goldau"]
[SourceDate "2000.03.01"]

1. e4 d5 2. exd5 Nf6 3. Nf3 Nxd5 4. c4 Nb6 5. d4 Bg4 6. h3 Bh5 7. Be2 c6 8.
Nbd2 e6 9. O-O Be7 10. b3 O-O 11. Bb2 N8d7 12. Ne4 Qc7 13. Rc1 Rfd8 14. Qe1 Qf4
15. Ng3 Bg6 16. Qc3 c5 17. Rcd1 Bf6 18. Qa5 h6 19. Rd2 Nb8 20. dxc5 Nc6 21.
Rxd8+ Rxd8 22. Qa3 Be7 23. b4 Nxc4 24. Bxc4 Qxc4 25. Ne5 Nxe5 26. Bxe5 a6 27.
Qa5 Rd2 28. Qc7 Bh4 29. Qxb7 f6 30. Bd6 e5 31. c6 Bxg3 32. fxg3 Be4 33. Rf2
Qc1+ 34. Kh2 Rxf2 0-1

[Event "FIDE WYCC 2016 U16 boys"]
[Site "Khanty Mansiysk"]
[Date "2016.09.25"]
[Round "4.34"]
[White "D`avino, Gianfranco"]
[Black "Van Der Meer, Anthony"]
[Result "1-0"]
[WhiteElo "2085"]
[BlackElo "1073"]
[Annotator "Reinhold Goldau"]
[PlyCount "75"]
[EventDate "2016.09.??"]
[EventType "swiss"]
[EventRounds "11"]
[EventCountry "RUS"]
[SourceTitle "Youth Database"]
[Source "CBase R.Goldau"]
[SourceDate "2000.03.01"]

1. d4 d5 2. c4 e6 3. Nc3 Nf6 4. cxd5 exd5 5. Bg5 c6 6. e3 h6 7. Bh4 Bd6 8. Qc2
Be6 9. Bd3 Nbd7 10. Nge2 Qc7 11. Bg3 Rc8 12. O-O O-O 13. Rfc1 Bxg3 14. Nxg3 Qb8
15. b4 b5 16. a4 a6 17. axb5 axb5 18. Ra6 Qb7 19. Rca1 Ra8 20. R6a5 Rxa5 21.
bxa5 Ra8 22. f4 Nf8 23. Qb2 Bd7 24. Qb4 Qc7 25. f5 Qa7 26. e4 dxe4 27. Ncxe4
Nd5 28. Qb2 Qc7 29. Qd2 Bc8 30. f6 g5 31. Nxg5 hxg5 32. Qxg5+ Ng6 33. Bxg6 fxg6
34. Qxg6+ Kf8 35. Re1 Bb7 36. Qh6+ Kg8 37. Re7 Nxe7 38. Qg7# 1-0

[Event "FIDE WYCC 2016 U16 boys"]
[Site "Khanty Mansiysk"]
[Date "2016.09.25"]
[Round "4.37"]
[White "Maerevoet, Sim"]
[Black "Tifferet, Shaked"]
[Result "0-1"]
[WhiteElo "1771"]
[BlackElo "2220"]
[Annotator "Reinhold Goldau"]
[PlyCount "70"]
[EventDate "2016.09.??"]
[EventType "swiss"]
[EventRounds "11"]
[EventCountry "RUS"]
[SourceTitle "Youth Database"]
[Source "CBase R.Goldau"]
[SourceDate "2000.03.01"]

1. e4 c5 2. b3 Nc6 3. Bb2 e6 4. Nf3 Nf6 5. e5 Nd5 6. Bb5 Qc7 7. O-O Be7 8. Nc3
Nf4 9. Ne4 a6 10. Bxc6 Qxc6 11. Re1 b5 12. d4 c4 13. Qd2 Nd5 14. a3 Bb7 15. b4
g5 16. h3 h5 17. Bc1 g4 18. hxg4 hxg4 19. Nh2 f5 20. exf6 Nxf6 21. f3 gxf3 22.
Nxf6+ Bxf6 23. Nxf3 Qb6 24. Qf4 Rf8 25. Be3 Bd5 26. Kf1 Be7 27. Qe5 O-O-O 28.
Bf4 Rf5 29. Qe3 Rdf8 30. g3 d6 31. Ke2 Qc6 32. Rad1 Rd8 33. Rg1 e5 34. dxe5
dxe5 35. Bh6 Be6 0-1

[Event "FIDE WYCC 2016 U16 boys"]
[Site "Khanty Mansiysk"]
[Date "2016.09.25"]
[Round "4.38"]
[White "Sezdbekov, Arzybek"]
[Black "Hiebert, Kenji"]
[Result "1-0"]
[WhiteElo "1861"]
[BlackElo "2066"]
[Annotator "Reinhold Goldau"]
[PlyCount "73"]
[EventDate "2016.09.??"]
[EventType "swiss"]
[EventRounds "11"]
[EventCountry "RUS"]
[SourceTitle "Youth Database"]
[Source "CBase R.Goldau"]
[SourceDate "2000.03.01"]

1. e4 c5 2. Nc3 Nc6 3. Nf3 e6 4. d4 cxd4 5. Nxd4 Qc7 6. Be2 a6 7. O-O Nf6 8.
Be3 Bb4 9. Bf3 Ne5 10. Nb1 b5 11. c3 Bc5 12. Nd2 Bb7 13. Qe2 O-O 14. Bg5 Be7
15. a4 bxa4 16. Rxa4 Rfe8 17. Rfa1 d6 18. Bxf6 Bxf6 19. Qe3 Nxf3+ 20. N2xf3 g6
21. Nd2 Bg7 22. N4b3 d5 23. Nc5 Bh6 24. Qxh6 Qxc5 25. e5 d4 26. cxd4 Qc2 27.
Nc4 Bc6 28. Ne3 Qe2 29. Rc4 Bb5 30. f3 Qxe3+ 31. Qxe3 Bxc4 32. h4 Rab8 33. h5
Rxb2 34. h6 f5 35. Qc3 Ra2 36. Rxa2 Bxa2 37. Qc7 1-0

[Event "FIDE WYCC 2016 U16 boys"]
[Site "Khanty Mansiysk"]
[Date "2016.09.25"]
[Round "4.39"]
[White "Kristensen, Bjarke Hautop"]
[Black "Zubehhin, Aleksei"]
[Result "1-0"]
[WhiteElo "2039"]
[BlackElo "1866"]
[Annotator "Reinhold Goldau"]
[PlyCount "65"]
[EventDate "2016.09.??"]
[EventType "swiss"]
[EventRounds "11"]
[EventCountry "RUS"]
[SourceTitle "Youth Database"]
[Source "CBase R.Goldau"]
[SourceDate "2000.03.01"]

1. c4 Nf6 2. g3 g6 3. Nc3 Bg7 4. Bg2 O-O 5. e4 d6 6. Nge2 Nc6 7. d3 e5 8. O-O
Nd4 9. Nxd4 exd4 10. Ne2 c5 11. b4 Nd7 12. h3 Rb8 13. Rb1 f5 14. exf5 Rxf5 15.
g4 Rf8 16. Ng3 b6 17. f4 Bb7 18. Bxb7 Rxb7 19. Qf3 Qc7 20. Qd5+ Kh8 21. g5 b5
22. Ne4 bxc4 23. Nxd6 Rxb4 24. Rxb4 cxb4 25. Nf7+ Rxf7 26. Qxf7 cxd3 27. Re1
Bf8 28. Bb2 Qd6 29. Re4 d2 30. Bxd4+ Qxd4+ 31. Rxd4 Bc5 32. Qe8+ Nf8 33. Qe5+
1-0

[Event "FIDE WYCC 2016 U16 boys"]
[Site "Khanty Mansiysk"]
[Date "2016.09.25"]
[Round "4.40"]
[White "Wang, Ting Hao"]
[Black "Plaza Reino, Agustin"]
[Result "1/2-1/2"]
[WhiteElo "1618"]
[BlackElo "1891"]
[Annotator "Reinhold Goldau"]
[PlyCount "63"]
[EventDate "2016.09.??"]
[EventType "swiss"]
[EventRounds "11"]
[EventCountry "RUS"]
[SourceTitle "Youth Database"]
[Source "CBase R.Goldau"]
[SourceDate "2000.03.01"]

1. e4 c5 2. Nc3 e6 3. g3 a6 4. Bg2 Nc6 5. Nge2 b5 6. d4 cxd4 7. Nxd4 Bb7 8. O-O
Qc7 9. Be3 Nf6 10. Re1 Be7 11. Nxc6 dxc6 12. a3 O-O 13. f4 Rfd8 14. Qe2 c5 15.
e5 Nd5 16. Nxd5 Bxd5 17. Bxd5 Rxd5 18. Rad1 Rad8 19. Qg4 Qd7 20. Rxd5 Qxd5 21.
Qe2 c4 22. Kf2 Kf8 23. Bb6 Bc5+ 24. Bxc5+ Qxc5+ 25. Qe3 Qd5 26. c3 Qc6 27. Qf3
Qb6+ 28. Qe3 Qc7 29. Re2 Rd3 30. Qe4 Qb6+ 31. Kf1 g6 32. Qg2 1/2-1/2

[Event "FIDE WYCC 2016 U16 boys"]
[Site "Khanty Mansiysk"]
[Date "2016.09.25"]
[Round "4.41"]
[White "Petersen, Caleb"]
[Black "Min, Po Yen"]
[Result "1/2-1/2"]
[WhiteElo "1884"]
[BlackElo "1842"]
[Annotator "Reinhold Goldau"]
[PlyCount "79"]
[EventDate "2016.09.??"]
[EventType "swiss"]
[EventRounds "11"]
[EventCountry "RUS"]
[SourceTitle "Youth Database"]
[Source "CBase R.Goldau"]
[SourceDate "2000.03.01"]

1. e4 e6 2. d4 d5 3. Nc3 Bb4 4. Nge2 Nf6 5. a3 Bxc3+ 6. Nxc3 Nxe4 7. Nxe4 dxe4
8. c3 O-O 9. Bc4 Qf6 10. Qe2 Qf5 11. g4 Qf3 12. Qxf3 exf3 13. Bf4 c6 14. Kd2 b6
15. Ke3 Bb7 16. Rhd1 Nd7 17. Kxf3 c5+ 18. Kg3 cxd4 19. Rxd4 Nf6 20. Re1 Rfd8
21. Rxd8+ Rxd8 22. f3 h6 23. a4 Rc8 24. Bb3 Bd5 25. Bc2 Nd7 26. Bd6 Nc5 27.
Bxc5 Rxc5 28. Re3 Kf8 29. b3 Rc7 30. f4 Rd7 31. Rd3 Bc6 32. Rxd7 Bxd7 33. Kf3
Ke7 34. Ke3 Kd6 35. b4 Bc6 36. c4 e5 37. h4 f6 38. g5 hxg5 39. fxg5 fxg5 40.
hxg5 1/2-1/2

[Event "FIDE WYCC 2016 U16 boys"]
[Site "Khanty Mansiysk"]
[Date "2016.09.25"]
[Round "4.43"]
[White "Van Der Lingen, Cornelis Petru"]
[Black "Chumak, Dmitrii"]
[Result "0-1"]
[WhiteElo "1826"]
[BlackElo "1791"]
[Annotator "Reinhold Goldau"]
[PlyCount "74"]
[EventDate "2016.09.??"]
[EventType "swiss"]
[EventRounds "11"]
[EventCountry "RUS"]
[SourceTitle "Youth Database"]
[Source "CBase R.Goldau"]
[SourceDate "2000.03.01"]

1. e4 e5 2. Nf3 Nc6 3. d4 exd4 4. Nxd4 Nf6 5. Nc3 Bb4 6. Nxc6 bxc6 7. Bd3 O-O
8. O-O Re8 9. Qf3 Rb8 10. a3 Bd6 11. Rb1 Be5 12. h3 Bxc3 13. g4 d5 14. Bg5 Rxb2
15. exd5 Rxb1 16. Rxb1 Qxd5 17. Qxd5 Nxd5 18. Rb8 Bd7 19. Rb7 h6 20. Bh4 g5 21.
Bg3 Be5 22. Rxa7 Nf4 23. Bxf4 Bxf4 24. a4 c5 25. Kf1 Kg7 26. Ra6 Be6 27. Ra5
Bd5 28. Rb5 c6 29. Rb1 c4 30. Bf5 Ra8 31. Ra1 Be5 32. Ra2 Bc3 33. Ra3 Bb2 34.
Re3 Rxa4 35. Be4 Bf6 36. Re2 Ra2 37. Kg2 Rxc2 0-1

[Event "FIDE WYCC 2016 U16 boys"]
[Site "Khanty Mansiysk"]
[Date "2016.09.26"]
[Round "5.5"]
[White "Lobanov, Sergei"]
[Black "Pultinevicius, Paulius"]
[Result "0-1"]
[WhiteElo "2432"]
[BlackElo "2351"]
[Annotator "Reinhold Goldau"]
[PlyCount "58"]
[EventDate "2016.09.??"]
[EventType "swiss"]
[EventRounds "11"]
[EventCountry "RUS"]
[SourceTitle "Youth Database"]
[Source "CBase R.Goldau"]
[SourceDate "2000.03.01"]

1. Nf3 Nf6 2. c4 e6 3. Nc3 d5 4. d4 Bb4 5. cxd5 exd5 6. Qa4+ Nc6 7. Bg5 h6 8.
Bxf6 Qxf6 9. e3 O-O 10. Be2 Be6 11. O-O a6 12. Rfc1 Bd6 13. Qd1 Rad8 14. Na4
Bc8 15. Nc5 Rfe8 16. a3 g5 17. Ne1 Bxh2+ 18. Kxh2 Qxf2 19. Nc2 Qh4+ 20. Kg1 g4
21. Qe1 g3 22. Bf3 Bf5 23. Qd2 Rd6 24. Nb4 Nxb4 25. axb4 Be4 26. Kf1 Rf6 27.
Ke2 Rxf3 28. Nxe4 Rf5 29. Rf1 Qg4+ 0-1

[Event "FIDE WYCC 2016 U16 boys"]
[Site "Khanty Mansiysk"]
[Date "2016.09.26"]
[Round "5.6"]
[White "Janik, Igor"]
[Black "Gazik, Viktor"]
[Result "1/2-1/2"]
[WhiteElo "2322"]
[BlackElo "2429"]
[Annotator "Reinhold Goldau"]
[PlyCount "43"]
[EventDate "2016.09.??"]
[EventType "swiss"]
[EventRounds "11"]
[EventCountry "RUS"]
[SourceTitle "Youth Database"]
[Source "CBase R.Goldau"]
[SourceDate "2000.03.01"]

1. e4 Nf6 2. e5 Nd5 3. d4 Nb6 4. Nf3 d5 5. exd6 exd6 6. h3 Be7 7. Bd3 O-O 8.
O-O a5 9. c4 Nc6 10. Nc3 a4 11. Be3 Nb4 12. d5 Nd7 13. a3 Nxd3 14. Qxd3 Bf6 15.
Rfe1 b6 16. Qc2 Nc5 17. Bxc5 Bxc3 18. Bxd6 Bxe1 19. Bxf8 Bxf2+ 20. Qxf2 Qxf8
21. Re1 h6 22. Qd4 1/2-1/2

[Event "FIDE WYCC 2016 U16 boys"]
[Site "Khanty Mansiysk"]
[Date "2016.09.26"]
[Round "5.7"]
[White "Costachi, Mihnea"]
[Black "Mesaros, Florian"]
[Result "1-0"]
[WhiteElo "2420"]
[BlackElo "2321"]
[Annotator "Reinhold Goldau"]
[PlyCount "141"]
[EventDate "2016.09.??"]
[EventType "swiss"]
[EventRounds "11"]
[EventCountry "RUS"]
[SourceTitle "Youth Database"]
[Source "CBase R.Goldau"]
[SourceDate "2000.03.01"]

1. d4 d5 2. c4 e6 3. Nc3 c6 4. Nf3 Nf6 5. Bg5 dxc4 6. a4 Bb4 7. e4 Bxc3+ 8.
bxc3 Qa5 9. e5 Ne4 10. Bd2 Nxd2 11. Qxd2 c5 12. Bxc4 cxd4 13. cxd4 Nc6 14. d5
exd5 15. Bxd5 Ke7 16. Bxc6 Qxd2+ 17. Kxd2 bxc6 18. Rhc1 Bd7 19. Nd4 Rhc8 20.
Rc5 Rab8 21. Kc3 Rb7 22. Rc1 Rcb8 23. Nxc6+ Bxc6 24. Rxc6 Rb2 25. Rc2 R8b3+ 26.
Kd2 Rxc2+ 27. Rxc2 Ke6 28. Rc7 Rb2+ 29. Ke3 Rb3+ 30. Kd4 Rb4+ 31. Rc4 Rb2 32.
Ke3 Kxe5 33. Rc7 Rb3+ 34. Ke2 Rb2+ 35. Kf3 Rb3+ 36. Ke2 Rb2+ 37. Kf3 Rb3+ 38.
Kg4 Rb4+ 39. Kg3 Kf6 40. Rxa7 Rb3+ 41. f3 Ra3 42. Kf4 Ra2 43. Ra6+ Ke7 44. Kg3
g6 45. h4 h5 46. Kh3 Ra3 47. Ra5 Kf6 48. Kh2 Ra2 49. Kg1 Ke6 50. g4 hxg4 51.
fxg4 Kf6 52. Ra6+ Kg7 53. g5 Kf8 54. Ra7 Ke8 55. a5 Kf8 56. a6 Kg7 57. Kf1 Ra4
58. Ke2 Kf8 59. Kd3 Ke8 60. Kc3 Ra1 61. Kb4 Kd8 62. Kb5 Rb1+ 63. Kc6 Rc1+ 64.
Kd6 Rd1+ 65. Ke5 Rf1 66. Rb7 Kc8 67. Rb4 Kc7 68. Rf4 Re1+ 69. Kf6 Re6+ 70. Kxf7
Rxa6 71. h5 1-0